Регионална библиотека "Любен Каравелов" - Русе

Biographie de Babоeuf (Запис номер 391389)

MARC детайли
000 -Лидер
Контролно поле с фиксирана дължина 01666nam a2200373 c 4500
001 - Контролен номер на записа
Контролно поле 408087145
003 - Код на организацията, давaща контролен номер
Контролно поле DE-601
005 - Дата и час на последна редакция
Контролно поле 20231027152543.0
008 - Елементи от данни с фиксирана дължина
fixed length control field 990101s1937 000 0 und d
035 ## - SYSTEM CONTROL NUMBER
Системен номер от АБ (OCoLC)179970894
035 ## - SYSTEM CONTROL NUMBER
Системен номер от АБ (DE-599)GBV408087145
040 ## - Източник на каталожния запис
Language of cataloging ger
Transcribing agency GBVCP
Идентификатор на билиотеката - собственик на записа BLK
041 ## - Код за език
Код за езика на текст/звукозапис или на отделно заглавие Български
Код за езика КДБФ Български
080 ## - УДК
Текстов определител УДК Политическа журналистика
УДК код - определител по УДК 07:32
УДК - код + определител 07:32
080 ## - УДК
Текстов определител УДК Френски революционер, утопист комунист
УДК код - определител по УДК 929 Бабьоф, Франсоа-Ноел
УДК - код + определител 929 Бабьоф, Франсоа-Ноел
100 ## - Редна дума - Автор
R(LIN) 436023
Автор Fleury, Ed.
139 ## - Редно поле
Редна дума Fleury, Ed.
245 10 - Сведения за заглавието
Заглавие Biographie de Babоeuf
Подзаглавни данни Etudes revolutionnaires
Редно поле (дума) Ed. Fleury
260 ## - Област на издателските данни
9 (RLIN) 436026
Място на издаване, разпространение и проч. Laon
Име на издателя, разпространителя и проч. Ed. Fleury et Ad. Chevergny
Година на издаване s.a.
300 ## - Физическа характеристика
Страници 175 с.
Размери/Мащаб 23 см
380 ## - Жанр
Жанр Обществени науки
490 ## - СЕРИИ (Колекции)
Име на серия Колекция Редки и ценни издания
9 (RLIN) 435080
490 ## - СЕРИИ (Колекции)
Име на серия Лична библиотека на Захари Стоянов
9 (RLIN) 435931
№: серия № 67
500 ## - Общи забележки
Забележка На загл. стр. бел. № 1111; Печат на Русская библиотека в Цюрих; датирано : 27.ІV. 936 № 242.
650 #7 - Допълнително описание по предмет – тема
9 (RLIN) 155637
Основно описание – тема или топоним Журналисти, френски - биографии
653 #7 - Ключова дума – ненормативна
9 (RLIN) 188985
Ключова дума комунистическа идеология
852 ## - Местоположение
Форматна сигнатура Рф 880 ЗСт
Фондова буква Редки и ценни
856 ## - Електронен адрес и достъп
Име на файл Съдържание
Права за достъп Достъп за регистрирани потребители
Електронен формат jpg - файл
Път до файла /url/ http://185.138.176.146:18082/cgi-bin/koha/opac-retrieve-file.pl?id=62b973d433f42f8640b9cfdb33707bfd
Допълнителна информация (Корица, съдържание, пълен текст, звуков файл, HTML файл) Изображение
Информация за съдържанието Съдържание
942 ## - АРТИКУЛИ
Източник на класификационната схема Universal Decimal Classification
Вид на библиотечния материал Книги
Скрит в OPAC Не
Периодичен библиозапис Да
Koha issues (borrowed), all copies 1
999 ## - СИСТЕМНИ КОНТРОЛНИ НОМЕРА
Koha biblionumber 391389
Koha biblioitemnumber 391389
999 ## - СИСТЕМНИ КОНТРОЛНИ НОМЕРА
Koha biblioitemnumber 391389
999 ## - СИСТЕМНИ КОНТРОЛНИ НОМЕРА
Koha biblioitemnumber 391389
999 ## - СИСТЕМНИ КОНТРОЛНИ НОМЕРА
Koha biblioitemnumber 391389
999 ## - СИСТЕМНИ КОНТРОЛНИ НОМЕРА
Koha biblioitemnumber 391389
944 ## - СЪЗДАВАНЕ И РЕДАКЦИЯ на ЗАПИСА
Служител, извършил регистрацията/редакцията 30542
Статус, дата на статуса Русанова Ирена
Наличности
Код за отписване Код за изгубен артикул Източник на класификационната схема Код за повреда Коз за рестрикции Код за отдаване Артикулен № Име на библиотеката - собственик Име на библиотеката, в която се намира в момента Статус (Текущо местоположение) Дата на вписване в системата Местоположение - отдел Цена в лева Инвентарен номер Систематично азбучна сигнатура Баркод Цена в евро Служебен тип на артикула
  Не е изгубен Universal Decimal Classification Не е повреден само за читалня Специални фондове ( старопечатни, редки и ценни, фонд М. Арнаудов) 804821 Регионална библиотека "Любен Каравелов" Русе Регионална библиотека "Любен Каравелов" Русе Редки и ценни 2020-11-06 Редки и ценни 0.36 9962 Рф 880 ЗСт 900000038365 0.18 Книги
Vip Innovations Ltd, Rousse, Bulgaria 2025